000 01410cad a22002535a 4500
008 240202s2014 xxk f f 001 0 eng d
041 0 _aeng
110 2 _aRoyal Institution of Chartered Surveyors
_94900
245 0 0 _aInefficiencies in China’s affordable and social housing sector
_b: more doesn't mean better
_h[electronic resource]
260 _aLondon
_bRICS
_c2014
300 _a44p
490 0 _aRICS Research
520 _aThrough an extensive literature review, desktop research and intensive fieldwork in Guangzhou (South China), Wuhan (Central China) and Beijing, this study gathers and examines evidence of inefficiency in China’s ASH sector and investigates its causes. It uses a three-level analytical framework. Institutional analysis is conducted at the constitutional choice, collective choice and operational choice levels to examine rules, property rights and incentives.
650 2 4 _aAFFORDABLE HOUSING
651 4 _aChina
690 _aPlanning and development
_96259
690 _aResidential property
_96266
700 1 _aCao, Albert
700 1 _a Keivani, Ramin
710 _aOxford Brookes University
_9281
710 _aRoyal Institution of Chartered Surveyors
_94900
856 4 0 _uhttps://www.propertyresearchtrust.org/uploads/1/3/4/8/134819607/chinas_affordable_and_social_housing.pdf
_zAvailable from the Property Research Trust
942 _n0
_2ddc
999 _c121789
_d121789